000 00497nam a2200181Ia 4500
003 GCL
008 140319s9999 xx 000 0 eng d
040 _aGCL /
_cGCL
082 0 4 _a401.93
_bF L
100 1 _aGARMAN, MICHAEL
245 1 0 _aLANGUAGE ACQUISITION: STUDIES IN FIRST LANGUAGE DEVELOPMENT /
_cGARMAN, MICHAEL
700 1 _aFLETCHER, PAUL
260 _a[S.N] :
_bCAMBRIBGE UNIVERSITY PRESS ،
_c1992
300 _a613
650 0 4 _aCHILDREN
650 0 4 _aLANGUAGES
942 _2ddc
_cBK
999 _c24188
_d24188